000 00701nam a22002657a 4500
001 BR2013009900
003 BR-BrBNA
005 20230928104324.0
007 ta
008 230509b bl.||||| |||| 00| 0 por d
040 _aBR-BrBNA
_bpor
_cBiblioteca Nacional de Agricultura
041 _a(Por)
072 _aH20
_b4150
090 _ 4150 BR2013009900
100 1 _aCosta, A.S.
245 1 _aVirologia vegetal. V.2
260 3 _a[np](Brasil):
_c1971.
300 _a365 p.
500 _aIncludes several bibliographies; 10 illus.; 9 graphs.; 12 tables
650 _aVIROLOGIA
650 _aVÍRUS
650 _aBIOQUÍMICA VEGETAL
909 _a202309
_bLucia
_c55
_dLucia Elande
942 _cBK
999 _c79294
_d79294